000
00257nam a22001097a 4500
008
231002b |||||||| |||| 00| 0 eng d
100
_a
Keenz,H.G.
_9
4922
245
_a
Madhava Rao Sindhia
260
_a
Delhi;
_b
S.Chand;
_c
1968;
300
_a
207p
942
_c
BK
999
_c
39758
_d
39758